Geografia USA na literę H - Statystyki

Ogólne statystyki
  • Ten quiz został rozwiązany 22 razy
  • Średni wynik to 5 z 19
Statystyki odpowiedzi
Wskazówka Odpowiedź % Poprawnych
Dzielnica Los Angeles kojarzona z filmami Hollywood
100%
50. stan, który dołączył do USA Hawaje
95%
4. najludniejsze miasto w Stanach Zjednoczonych Houston
86%
Rzeka przepływająca obok Manhattanu Rzeka Hudson
67%
Historycznie czarna dzielnica na górnym Manhattanie Harlem
52%
Jedno z Wielkich Jezior Jezioro Huron
52%
Zapora na rzece Kolorado, podczas budowy której zginęło ponad 100 osób Zapora Hoovera
48%
Stolica Montany Helena
19%
Dzielnica w San Francisco znana jako centrum ruchu hipisowskiego Haight -Ashbury
5%
bszar Long Island, w którym wielu bogatych ludzi spędza „lato” Hamptons
5%
Stolica Connecticut Hartford
5%
Mieszkaniec Indiany jest znany jako .... Hoosier
5%
Spiczasty wulkan widoczny z Portland w stanie Oregon Góra Hood
0%
Formacja skalna w Yosemite na monetach stanowych Kalifornii Half Dome
0%
Miasto firmowe w Pensylwanii, które reklamuje się jako „najsłodsze miejsce na Ziemi” Hershey
0%
Wyspa wypoczynkowa na wybrzeżu Karoliny Południowej Hilton Head
0%
Najludniejsze miasto w Alabamie, w którym znajduje się ośrodek badawczy NASA Huntsville
0%
Duży zbiornik na rzece Kolorado Jezioro Havasu
0%
Bogata posiadłość w San Simeon w Kalifornii zbudowana przez barona prasowego Zamek Hearsta
0%
Nie znaleziono quizów pasujących do podanych kryteriów
Rozkład punktacji
Procent ludzi z każdym wynikiem
Percentyl według liczby udzielonych odpowiedzi
Twoja historia wyników
Nie rozwiązałeś tego quizu